| 000 | 01138nam0a22002771 4500 | ||
|---|---|---|---|
| 001 | rc\4939135 | ||
| 005 | 20260407080704.0 | ||
| 021 |
_aRU _bРг4680-67 |
||
| 035 | _a(NLR Aleph) 008850644 | ||
| 090 |
_a8398218 _c8398218 |
||
| 100 | _a20130426d1967 |||y0rusy50 ca | ||
| 101 | 0 | _arus | |
| 102 | _aRU | ||
| 105 | _aa b ||||| | ||
| 200 | 1 |
_aЭлектропечи сопротивления для плавки алюминия и его сплавов _e[Каталог |
|
| 210 |
_aМосква _cБ. и. _d1967] |
||
| 215 |
_a15 с. _cчерт. _d29 |
||
| 225 | 1 |
_aОтделение ВНИИЭМ по научно-технической информации, стандартизации и нормализации в электротехнике. (Информстандартэлектро) _v12.13.02-67 |
|
| 300 | _aВ вып. дан. сост.: Тишков, А.М. | ||
| 702 | 1 |
_aТишков _bА.М. _4220 |
|
| 712 | 0 | 2 |
_4475 _aВНИИ электромеханики _9284356 _3RU\NLR\AUTH\886279 |
| 801 | 0 |
_aRU _bNLR _gpsbo |
|
| 801 | 1 |
_aRU _bELAR _2rusmarc |
|
| 852 |
_aNLR _jПт 20/1-12-13.02-67 |
||
| 942 | _cBOOK | ||
| 980 | _aNB | ||